000 00476nam a2200169Ia 4500
003 GCL
008 140319s9999 xx 000 0 aFre d
040 _aGCL /
_cGCL
082 0 4 _a913.533
_bI Y
245 1 0 _aYEMEN :
_bSTUDI ARCHEOLOGICI, STORICI E FILOLOGICI SULL' ARABIA MERIDIONAL
260 _aايطاليا :
_bISEMO ،
_c1992
300 _a24 CM ؛
_c147 P
650 0 4 _aYEMEN
650 0 4 _aYEMEN - CIVILISATION
650 0 4 _aARCHEOLOGICAL - YEMEN
942 _2ddc
_cBK
999 _c5823
_d5823